Catálogo público

Efecto de Trichoderma y Bacillus en la dinámica poblacional de fusarium spp. en agave tequilero (Agave tequilana Weber. Var. Azul) en Jalisco / (Record no. 208921)

MARC details
000 -CABECERA
campo de control de longitud fija 00977nam a2200277Ia 4500
001 - NÚMERO DE CONTROL
campo de control Para_10235
003 - IDENTIFICADOR DEL NÚMERO DE CONTROL
campo de control CHAP
008 - DATOS DE LONGITUD FIJA--INFORMACIÓN GENERAL
campo de control de longitud fija 220125sOctu xx 000 0 und d
010 ## - NÚMERO DE CONTROL DE LA BIBLIOTECA DEL CONGRESO
Número de control de LC 208921
040 ## - FUENTE DE LA CATALOGACIÓN
Centro/agencia transcriptor CHAP
090 ## - LOCALMENTE ASIGNADO TIPO-LC NÚMERO DE CLASIFICACIÓN (OCLC); NÚMERO DE CLASIFICACIÓN LOCAL (RLIN)
Número de clasificación (OCLC) (R) ; Numero de clasificación, CALL (RLIN) (NR) PA CD - TESIS 280
100 1# - ENTRADA PRINCIPAL--NOMBRE DE PERSONA
Nombre de persona Tlapal Bolaños, Bertha
9 (RLIN) 113464
245 ## - MENCIÓN DE TÍTULO
Título Efecto de Trichoderma y Bacillus en la dinámica poblacional de fusarium spp. en agave tequilero (Agave tequilana Weber. Var. Azul) en Jalisco /
Mención de responsabilidad, etc. Bertha Tlapal Bolaños. Director Cristian Nava Díaz
260 ## - PUBLICACIÓN, DISTRIBUCIÓN, ETC.
Lugar de publicación, distribución, etc. Montecillos, Méx. :
Nombre del editor, distribuidor, etc. el autor
300 ## - DESCRIPCIÓN FÍSICA
Extensión 1 CDS ROM (81 p.)
502 ## - NOTA DE TESIS
Nota de tesis Tesis (Dr. en Ciencias). CP. Colegio de Posgraduados
700 ## - PUNTO DE ACCESO ADICIONAL--NOMBRE DE PERSONA
Nombre de persona Nava Diaz, Cristian. Director
9 (RLIN) 175227
710 ## - PUNTO DE ACCESO ADICIONAL--NOMBRE DE ENTIDAD CORPORATIVA
Nombre de entidad corporativa o nombre de jurisdicción como elemento de entrada UACh. Departamento Parasitología Agrícola
9 (RLIN) 164025
901 ## - ELEMENTOS DE DATOS A LOCAL LDA (RLIN)
a PA CD - TESIS 280
902 ## - ELEMENTOS DE DATOS B LOCAL, LDB (RLIN)
a M
905 ## - ELEMENTOS DE DATOS E LOCAL, LDE (RLIN)
a 513220Octubre, 2013 nm 8100000000 06
910 ## - DATOS DE OPCIÓN DEL USUARIO (OCLC)
Datos de opción del usuario Octu
942 ## - ELEMENTOS DE PUNTO DE ACCESO ADICIONAL (KOHA)
Tipo de ítem Koha Parasitologia_
942 ## - ELEMENTOS DE PUNTO DE ACCESO ADICIONAL (KOHA)
Tipo de ítem Koha Parasitologia_
-- 2
Holdings
Estado de retiro Estado de pérdida Fuente del sistema de clasificación o colocación Estado dañado Restricciones de uso No para préstamo Código de colección Localización permanente Ubicación/localización actual Ubicación en estantería Fecha de adquisición Información codificada de la localización en otra ubicación Total de préstamos Código de barras Fecha visto por última vez Número de copia Precio válido a partir de Tipo de ítem Koha Nota pública
    Clasificación Universidad Autónoma de Chapingo   Préstamo interno   Tesis Parasitologia Agricola Parasitologia Agricola   14/04/2015 PARA   PA_010403 25/01/2022 1 25/01/2022 Tesis digital 3